Hamilton Lyrics Sort #18 - Guns and Ships - Statistics

General Stats
  • This quiz has been taken 48 times
  • The average score is 38 of 53
Answer Stats
Hint Answer % Correct
Line 7 He's constantly confusin', confoundin' the British henchmen
95%
Line 1 How does a ragtag volunteer army in need of a shower
95%
Line 2 Somehow defeat a global superpower?
95%
Line 6 An immigrant, you know and love, who's unafraid to step in
89%
Line 8 Ev'ryone give it up for America's favorite fighting Frenchman
89%
Line 3 How do we emerge victorious from the quagmire?
89%
Line 9 Lafayette! [1]
89%
Line 12 Lafayette! [2]
89%
Line 4 Leave the battlefield, waving Betsy Ross' flag higher?
89%
Line 13 And I'm never gonna stop until I make 'em
84%
Line 14 Drop and burn 'em up and scatter their remains, I'm
84%
Line 10 I'm takin' this horse by the reins makin'
84%
Line 15 Lafayette! [3]
84%
Line 11 Redcoats redder with bloodstains
84%
Line 5 Yo, turns out we have a secret weapon
84%
Line 28 Hamilton! [1]
79%
Line 18 Lafayette! [4]
79%
Line 16 Watch me engagin' 'em! Escapin' 'em!
79%
Line 23 And so the balance shifts
74%
Line 17 Enragin' 'em! I'm-
74%
Line 26 For this to succeed, there is someone else we need
74%
Line 31 Hamilton! [2]
74%
Line 34 Hamilton! [3]
74%
Line 37 Hamilton! [4]
74%
Line 21 I come back with more guns
74%
Line 19 I go to France for more funds
74%
Line 30 Ingenuitive and fluent in French, I mean-
74%
Line 25 We can end this war at Yorktown, cut them off at sea, but
74%
Line 24 We rendezvous with Rochambeau, consolidate their gifts
74%
Line 22 And ships
68%
Line 35 No one has more resilience
68%
Line 36 Or matches my practical tactical brilliance
68%
Line 29 Sir, he knows what to do in a trench
68%
Line 32 Sir, you're gonna have to use him eventually
68%
Line 52 They'll surrender by early light
68%
Line 33 What's he gonna do on the bench, ami?
68%
Line 46 Alexander Hamilton
63%
Line 51 If we manage to get this right
63%
Line 27 I know
63%
Line 44 Into the letter but the sooner, the better
63%
Line 39 Hamilton! [5]
58%
Line 50 I have soldiers that will yield for you
58%
Line 43 I mean you gotta put some thought
58%
Line 40 I need my right-hand man back!
58%
Line 53 The world will never be the same, Alexander
58%
Line 45 To get your right-hand man back
58%
Line 42 You know you gotta get ya right-hand man back
58%
Line 38 You wanna fight for your land back?
58%
Line 41 (Hamilton) get ya right-hand man, back
53%
Line 20 Lafayette! [5]
53%
Line 47 Troops are waiting in the field for you
53%
Line 48 If you join us right now, together we can turn the tide
47%
Line 49 Oh, Alexander Hamilton
47%
No matching quizzes found
Score Distribution
Percent of People with Each Score
Percentile by Number Answered
Your Score History
You have not taken this quiz